| 000 | 00410nam a22001577a 4500 | ||
|---|---|---|---|
| 999 |
_c533050 _d533050 |
||
| 003 | NUST | ||
| 005 | 20191211115338.0 | ||
| 008 | 191211b ||||| |||| 00| 0 eng d | ||
| 038 | _aMSOHAIL | ||
| 082 | _a625.8 TRB | ||
| 100 |
_aTRB _919556 |
||
| 245 | _aPavement Design Management and Performance , Back-Calculation of Pavement Module 1991 | ||
| 260 |
_aTRB _cc1991 |
||
| 300 | _a135;p; | ||
| 942 |
_2ddc _cBK |
||